000 01387nam a2200277 a 4500
001 000046523
003 DO-SdBNP
005 20211206075553.0
008 150821s2015 dr cd 000 0 spa d
020 _a9789945166859
040 _aDO-SdBNP
_bspa
_cBPMSU
082 _a631.587
_bS71r 2015
_222
100 1 _aSosa Valerio, Ariosto Antonio
245 1 0 _aRiego por gravedad y drenaje de tierras agrícolas /
_cAriosto Antonio Sosa Valerio.
260 _aSanto Domingo :
_bInstituto Politécnico Loyola,
_c2015.
300 _a192 p. :
_bil., gráfs., retrs. ;
_c23 cm.
505 0 _aRiego por gravedad --Acondicionamiento del terreno para riego por superficie -- Capacidad de almacenaje de agua de los suelos -- Manejo del Riego a nivel de finca --Métodos de riego -- Riego por inundación -- Diseños de canales de suministro -- Objetivos-- Drenajes -- El saneamiento agrícola -- Deslizamiento superficial del agua -- Métodos de drenaje superficial -- Diseño de la red colectora -- Drenaje de tierras salinas y sódicas -- Drenaje de cultivo en secado
590 _6Inventariado, 2021/VM
650 4 _aRiego
650 4 _aRiego
_zRepública Dominicana
650 4 _aRiego
_xClasificación
650 4 _aRiego
_xTécnicas
710 2 _aInstituto Especializado de Estudios Superiores Loyola (San Cristobal, República Dominicana)
910 _aVMateo V.
942 _2ddc
_cBK
999 _c13919
_d13919